Diversity and evolution of stem structure in Eleocharis (Cyperaceae) (Registro n. 338241)
[ somente texto ]
| 000 -LÍDER | |
|---|---|
| fixed length control field | 04091nab a2200301 i 4500 |
| 003 - CÓDIGO MARC DA AGÊNCIA CATALOGADORA | |
| Campo de controle | BR-BrBNA |
| 005 - DATA E HORA DA ÚLTIMA ATUALIZAÇÃO | |
| Campo de controle | 20250917192305.0 |
| 008 - CAMPO DE TAMANHO FIXO | |
| fixed length control field | 250917b2021 bl.ar|pooa||| 00| 0 eng | |
| 040 ## - FONTE DA CATALOGAÇÃO | |
| Agência catalogadora | BR-BrBNA |
| Idioma da catalogação | eng |
| 072 ## - CATEGORIA AGRIS | |
| Código AGRIS | F50 |
| 072 ## - CATEGORIA AGRIS | |
| Código AGRIS | F70 |
| 100 ## - ENTRADA PRINCIPAL - NOME PESSOAL | |
| Nome pessoal | Marcondes, Jaqueline Priscila Bispo de Almeida Cardoso |
| 100 ## - ENTRADA PRINCIPAL - NOME PESSOAL | |
| Nome pessoal | Trevisan, Rafael |
| 100 ## - ENTRADA PRINCIPAL - NOME PESSOAL | |
| Nome pessoal | Moço, Maria Cecilia de Chiara |
| 100 ## - ENTRADA PRINCIPAL - NOME PESSOAL | |
| Nome pessoal | Bona, Cleusa |
| 245 ## - TÍTULO PRINCIPAL | |
| Título principal | Diversity and evolution of stem structure in Eleocharis (Cyperaceae) |
| 500 ## - NOTA GERAL | |
| Nota geral | Publicação on-line; 34 ref.; 1 table; 6 illus.; Summaries (En, Pt) |
| 942 ## - ADDED ENTRY ELEMENTS (KOHA) | |
| Koha item type | Analítica |
| 520 ## - NOTA DE RESUMO | |
| Nota de conteúdo | <br/><br/>Abstract<br/><br/>Eleocharis (Cyperaceae) includes more than 300 species of perennial or annual herbs, frequently found on<br/>poorly drained soils. The species are morphologicaly similar, and the taxonomy is difficult because their<br/>vegetative and reproductive structures are very reduced. Previous study on the stem architecture in the<br/>subgenus Limnochloa showed that anatomical features help in the interpretation of the evolution, taxonomy and<br/>ecological aspects of the group. Our objectives were to add new characters from the stem (= culm) structure,<br/>to explore the characters in a greater number of Eleocharis species, representatives of the other subgenera,<br/>and add these data in a new phylogenetic analysis with molecular data. The study covered 68 species obtained<br/>from herbaria and fixed material. In addition to the stem architecture, the internal organization of the tissues,<br/>the cross-section format, the presence or absence of stretched cells in aerenchyma air gaps and the plant size<br/>were included in the morphological analysis. Our data confirm that spongy aerenchyma pattern is the ancestral<br/>condition while the mixed and septate patterns occurred independent and punctually. Only the cross-section<br/>format was variable among specimens while the other characters were uniform and relevant for taxonomic use.<br/><br/>Key words: anatomy of aquatic plant, culm anatomy, evolution of aerenchyma, phylogeny, reconstruction<br/>of ancestral state.<br/><br/><br/><br/><br/><br/>Resumo<br/><br/>Eleocharis (Cyperaceae) inclui mais de 300 espécies de ervas perenes ou anuais, frequentemente encontradas<br/>em solos pouco drenados. As espécies são morfologicamente semelhantes e a taxonomia é difícil devido às<br/>estruturas vegetativas e reprodutivas reduzidas. Estudo anterior sobre a arquitetura do caule no subgênero<br/>Limnochloa mostrou que as características anatômicas ajudam na interpretação da evolução, taxonomia e<br/>aspectos ecológicos do grupo. Nossos objetivos foram adicionar novos caracteres da estrutura do caule (=<br/>colmo), explorar os caracteres em um número maior de espécies de Eleocharis, com representantes de outros<br/>subgêneros, e adicionar esses dados em uma nova análise filogenética com dados moleculares. O estudo<br/>abrangeu 68 espécies obtidas de herbários e material fixado. Além da arquitetura do caule, foram incluídas<br/>na análise morfológica a organização interna dos tecidos, o formato da seção transversal, a presença ou<br/>ausência de células estiradas nos espaços de aerênquima e o porte da planta. Nossos dados confirmam que<br/>o padrão de aerênquima esponjoso é a condição ancestral, enquanto os padrões misto e septados ocorreram<br/>independentemente e pontualmente. Somente o formato da seção transversal foi variável entre as amostras,<br/>enquanto os demais caracteres foram uniformes e relevantes para o uso taxonômico.<br/><br/>Palavras-chave: anatomia de planta aquática, anatomia do colmo, evolução do aerênquima, filogenia,<br/>reconstrução do estado ancestral. |
| 650 ## - ASSUNTO - THESAGRO | |
| Cabeçalho tópico ou nome geográfico | ANATOMIA VEGETAL |
| 650 ## - ASSUNTO - THESAGRO | |
| Cabeçalho tópico ou nome geográfico | PLANTA AQUÁTICA |
| 650 ## - ASSUNTO - THESAGRO | |
| Cabeçalho tópico ou nome geográfico | COLMO |
| 650 ## - ASSUNTO - THESAGRO | |
| Cabeçalho tópico ou nome geográfico | TECIDO VEGETAL |
| 650 ## - ASSUNTO - THESAGRO | |
| Cabeçalho tópico ou nome geográfico | FILOGENIA |
| 773 0# - ENTRADA ANALÍTICA | |
| Host Biblionumber | 709 |
| Registro do item | 357347 |
| Imprenta | Rio de Janeiro-RJ Jardim Botanico do Rio de Janeiro 1935 |
| Outro identificador | 2025-5311 |
| Título | Rodriguésia (Brazil) |
| ISSN | 0370-6583; 2175-7860 on-line |
| Colação | v. 72 p. 1-12; (2021) |
| Número de controle de registro | BR2025002313 |
| 856 ## - ACESSO E ENDEREÇO ELETRÔNICO | |
| Identificador uniforme de recurso - URI | https://www.scielo.br/j/rod/a/9C6YYnKstskXSKcZSb33cYv/?format=pdf&lang=en |
Nenhum exemplar disponível.

BINAGRI